000 00968nam a22002177a 4500
001 000117108
003 AM-YEHGA
005 20250617122504.0
008 990614s1970 ru ||||| |||| 00| 0 rus d
040 _aAM-YeHGA
041 0 _arus
245 0 0 _aМатериалы по методике и технике геологоразведочных работ /
_cМ-во геологии РСФСР ; Якутское геологическое управление и Якутское территориальное правление НТО "Горное" ; Отв. ред. В.Г. Миллер.
260 _aЯкутск :
_bИзд-во Якутское кн. изд-во,
_c1970.
300 _a78 с.
505 1 0 _gВып. 2 (1970, 78 с.)
650 1 4 _aПрикладная геология
700 1 _aМиллер, В.Г.
_eред.
_4edt
710 2 _aЯкутское геологическое управление
942 _2udc
_cBK
090 _c38946
999 _c38328
_d38328